Vzťahovo-systémová analýza ako metodologické východisko ekonómie životného prostredia a manažmentu cestovného ruchu
Vzťahovo-systémová metóda ako východisko porovnania prírodného a ekonomického systému. Dynamizmus prírodného systému. Biologická reprodukcia. Využitie vzťahovo-systémového prístupu v riadení cestovného ruchu.
Gespeichert in:
| 1. Verfasser: | |
|---|---|
| Format: | Buchkapitel |
| Sprache: | Slowakisch |
| Schlagworte: | |
| Tags: |
Keine Tags, Fügen Sie das erste Tag hinzu!
|
MARC
| LEADER | 00000naa a2200000 4500 | ||
|---|---|---|---|
| 001 | r018867 | ||
| 005 | 20221205101540.0 | ||
| 041 | 0 | |a slo | |
| 044 | |a SK | ||
| 245 | 1 | 0 | |a Vzťahovo-systémová analýza ako metodologické východisko ekonómie životného prostredia a manažmentu cestovného ruchu |c Róbert Hradský |
| 520 | |a Vzťahovo-systémová metóda ako východisko porovnania prírodného a ekonomického systému. Dynamizmus prírodného systému. Biologická reprodukcia. Využitie vzťahovo-systémového prístupu v riadení cestovného ruchu. | ||
| 610 | 2 | 0 | |a analýza systémová |
| 610 | 2 | 0 | |a kybernetika |
| 610 | 2 | 0 | |a modelovanie |
| 610 | 2 | 0 | |a prognózovanie |
| 610 | 2 | 0 | |a metodológia |
| 610 | 2 | 0 | |a prostredie životné |
| 610 | 2 | 0 | |a ruch cestovný |
| 610 | 2 | 0 | |a ekológia |
| 610 | 2 | 0 | |a systémy ekonomické |
| 610 | 2 | 0 | |a potreby |
| 610 | 2 | 0 | |a zmeny štruktúrne |
| 100 | 1 | |a Hradský, Róbert | |